| 000 | 00470cam a2200181ua 4500 | ||
|---|---|---|---|
| 020 | _c104.95 | ||
| 041 |
_aeng _h |
||
| 082 |
_a532 _bALL/FL |
||
| 100 | _aAllen, Theodore . | ||
| 245 |
_aFluid mechanics / _cAllen Theodore. _hTextual Documents |
||
| 250 |
_a1 / _b. |
||
| 260 |
_aNew Delhi : _bMc Graw Hill Book Company , _c1972. |
||
| 300 |
_a415 : _b` ; . |
||
| 365 | _a104.95 | ||
| 700 | 1 | _aDitsworth, Richard.L . | |
| 942 | _cBK | ||
| 999 |
_c1775 _d1775 |
||